| 000 | 00896nas a2200289 4500 | ||
|---|---|---|---|
| 001 | BR0602849 | ||
| 003 | BR-BrBNA | ||
| 005 | 20231205110103.0 | ||
| 007 | ta | ||
| 008 | 230509b bl.|||p| |||| 00| 00por d | ||
| 040 |
_aBR-BrBNA _bpor _cBiblioteca Nacional de Agricultura |
||
| 041 | _a(Pt) | ||
| 072 | _aL70 | ||
| 100 | 1 | _aStainki, D.R. | |
| 100 | 1 | _aAlves, G.E.S. | |
| 100 | 1 | _aVasconcelos, A.C. | |
| 100 | 1 | _aBarbosa, M.P. | |
| 100 | 1 | _aOliveira, H.P. | |
| 245 | 1 | _aEnxertos vasculares homólogos e heterólogos conservados em glicerina na fleboplastia da jugular em eqüinos | |
| 650 | _aEQUINO | ||
| 650 | _aARTÉRIA | ||
| 650 | _aGLICERINA | ||
| 650 | _aCIRURGIA | ||
| 773 | 0 |
_tArquivo Brasileiro de Medicina Veterinária e Zootecnia (Brazil) _xISSN 0102-0935 _g(Feb 2005), v. 57(1) p. 18-26 _wBR0602849 |
|
| 909 |
_a202311 _bLúcia _c55 _dLúcia Elande |
||
| 942 |
_2AGRIS _n0 _cANA |
||
| 999 |
_c186154 _d186154 |
||